MARC

LEADER 00000nam0a2200000 4500
001 269862
005 20231101234308.0
020 |a RU  |b 87-40087 
035 |a (RuTPU)RU\TPU\book\293040 
090 |a 269862 
100 |a 20140922d1987 k a0rusy5003 ca 
101 0 |a rus 
102 |a RU 
105 |a y z 001zy 
200 1 |a Гибкие автоматизированные производства: управление технологичностью РЭА  |f А. М. Войчинский, Н. И. Диденко, В. П. Лузин 
210 |a Москва  |c Радио и связь  |d 1987 
215 |a 272 с.  |c ил. 
320 |a Библиогр.: с. 266-269 (86 назв.) 
606 1 |a Радиоэлектронная аппаратура  |2 stltpush  |3 (RuTPU)RU\TPU\subj\23462  |9 47977 
610 1 |a гибкие производственные системы 
610 1 |a технологичность 
610 1 |a РЭА 
610 1 |a управление 
610 1 |a промышленные предприятия 
610 1 |a фотошаблоны 
610 1 |a процессы 
675 |a 621.396.6.002  |z rus  |v 3 
700 1 |a Войчинский  |b А. М.  |4 070 
701 1 |a Диденко  |b Н. И. 
701 1 |a Лузин  |b В. П. 
801 0 |a RU  |b RuMRKP  |c 19950417  |g psbo 
801 1 |a RU  |b 63413507  |c 20140922 
801 2 |a RU  |b 63413507  |c 20161202  |g RCR 
942 |c BK